000 01955nam a2200373 a 4500
001 000013650
003 DO-SdBNP
005 20250711133406.0
007 ta
008 091127s1947 dr c r 000 1 spa d
040 _aDO-SdBNP
_bspa
_cBNPHU
_erda
082 4 _aRD864.4209
_bH519zH
_222
245 0 1 _aHomenaje a Pedro Henríquez Ureña.
264 1 _aCiudad Trujillo, República Dominicana :
_bUniversidad de Santo Domingo,
_c1947.
300 _a135 páginas :
_bretratos ;
_c23 cm.
336 _atexto
_btxt
_2rdacontent
337 _asin mediación
_bn
_2rdamedia
338 _avolumen
_bnc
_2rdacarrier
490 1 _aPublicaciones de la Universidad de Santo Domingo
_v1
500 _aDiscursos pronunciados en el acto académico celebrado en el Paraninfo de la Universidad de Santo Domingo el 29 de junio de 1946, para rendir homenaje póstumo al ilustre compatriota.
500 _aIncluye bibliografía de Pedro Henríquez Ureña : páginas 51-86.
500 _aIncluye referencias bibliográficas y notas al pie de las páginas
505 _aPedro Henríquez Ureña (1884- 1946) /
_rPedro Troncoso Sánchez --
_tDominicanidad de Pedro Henríquez Ureña /
_rEmilio Rodríguez Demorizi --
_tApuntes adicionales y Bibliografía de Pedro Henríquez Ureña /
_rEmilio Rodríguez Demorizi --
_tPedro Henríquez Ureña, filósofo y humanista /
_rAndrés Avelino --
_tPedro Henríquez Ureña, filólogo y folklorista /
_rFlérida de Nolasco.
600 1 0 _aHenríquez Ureña, Pedro,
_d1884-1946
_xCrítica e interpretación
_91718
650 4 _aEnsayos dominicanos
_965
650 4 _aAutores en literatura
_922864
650 4 _aLiteratura dominicana.
_967
700 1 _aTroncoso Sánchez, Pedro,
_d1904-1989
_923599
700 1 _aRodríguez Demorizi, Emilio,
_d1908-1986
_91039
700 1 _aAvelino, Andrés,
_d1900-1974
_931875
700 1 _aNolasco, Flérida de,
_d1891-1976
_935151
910 _aValidado. Control de calidad. EMS
942 _2ddc
_cLBS1
999 _c13264
_d13264